000
00275nam a2200109Ia 4500
008
230907s9999||||xx |||||||||||||| ||und||
082
_a
530.141
_b
HAY
245
0
_a
Engineering electromagnetics /
260
_a
McGraw-Hill,
_b
New York :
_c
2019
300
_a
594 p.
942
_c
BK
999
_c
600955
_d
600955